Sexto informe de gobierno 1988 que rinde ante el H. Congreso de la Unión Miguel de la Madrid H. : presidente constitucional : política del estado mexicano.

Gorde:
Xehetasun bibliografikoak
Egile nagusia: Madrid Hurtado, Miguel de la (autor)
Formatua: Liburua
Hizkuntza:gaztelania
Gaiak:
Etiketak: Etiketa erantsi
Etiketarik gabe, Izan zaitez lehena erregistro honi etiketa jartzen!

MARC

LEADER 00000cam^a2200000uu^4500
001 000491758
005 20250521000000.0
008 050901s1988^^^^^^^^^^^^rd^r^^000^0^spa^d
009 20260310125424.837
022 |a 9688203637 
035 |a FCE 000035014 
035 |a FCE 006660 
037 |a Acervo ITESO - Biblioteca 
041 |a spa 
082 0 4 |a 320.972  |b MEXs 
100 |a Madrid Hurtado, Miguel de la  |e (autor) 
245 1 0 |a Sexto informe de gobierno 1988 que rinde ante el H. Congreso de la Unión Miguel de la Madrid H. :  |b presidente constitucional : política del estado mexicano. 
264 |a México :  |b SPP,  |c 1988. 
300 |a 230 p. 
336 |a texto  |b txt  |2 rdacontenido 
337 |a sin mediación  |b n  |2 rdamedio 
338 |a volumen  |b nc  |2 rdasoporte 
649 |a XX 
650 |a Presupuestos 
650 |a Política 
650 |a Estado 
650 |a Gobierno 
650 |a Informe de gobierno 
910 |a Fondo Centro de Estudios Educativos 
920 |a Impresos - Libros 
930 |a Fondos Especiales 
905 |a 133 
901 |a ALE006660  |b IT2  |c CEE  |u 20250521 
902 |a https://opac.biblio.iteso.mx/vufind/Record/000491758